[Event "RUS-ch Blitz Women 2018"]
[Site "Sochi"]
[Date "2018.10.07"]
[Round "20"]
[White "Gritsayeva, Oksana"]
[Black "Miroshnik, Ekaterina"]
[Result "1-0"]
[WhiteElo "2378"]
[BlackElo "2016"]
[Annotator "NA"]
[PlyCount "207"]
[EventDate "2018.10.07"]
[EventType "swiss"]
[EventCountry "RUS"]
[SourceTitle "playchess.com"]
[Source "ChessBase"]
[SourceQuality "1"]
[TimeControl "180+2"]

1. e4 {[%emt 0:00:00]} d6 {[%emt 0:00:00]} 2. d4 {[%emt 0:00:00]} Nd7 {[%emt 0:00:01]} 3. Nc3 {[%emt 0:00:01]} e5 {[%emt 0:00:01]} 4. Nf3 {[%emt 0:00:02]} Ngf6 {[%emt 0:00:02]} 5. Bc4 {[%emt 0:00:03]} Be7 {[%emt 0:00:02]} 6. O-O {[%emt 0:00:02]} O-O {[%emt 0:00:02]} 7. a4 {[%emt 0:00:04]} c6 {[%emt 0:00:02]} 8. Ba2 {[%emt 0:00:05]} Qc7 {[%emt 0:00:02]} 9. Re1 {[%emt 0:00:02]} a6 10. a5 {[%emt 0:00:10]} h6 {[%emt 0:00:19]} 11. Nh4 {[%emt 0:00:12]} Re8 {[%emt 0:00:04]} 12. Nf5 {[%emt 0:00:10]} Bf8 {[%emt 0:00:03]} 13. Be3 {[%emt 0:00:11]} exd4 {[%emt 0:00:24]} 14. Bxd4 {[%emt 0:00:04]} c5 {[%emt 0:00:11]} 15. Bxf6 {[%emt 0:00:05]} Nxf6 {[%emt 0:00:01]} 16. Qf3 {[%emt 0:00:03]} Be6 {[%emt 0:00:14]} 17. Nxh6+ {[%emt 0:00:21]} Kh8 {[%emt 0:00:02]} 18. Nf5 {[%emt 0:00:08]} Bxa2 {[%emt 0:00:03]} 19. Rxa2 {[%emt 0:00:05]} d5 {[%emt 0:00:20]} 20. Ng3 {[%emt 0:00:34]} Rad8 {[%emt 0:00:35]} 21. Raa1 {[%emt 0:00:02]} d4 {[%emt 0:00:04]} 22. Nce2 {[%emt 0:00:13]} c4 {[%emt 0:00:09]} 23. Nf4 {[%emt 0:00:07]} Qe5 {[%emt 0:00:18]} 24. Ra4 {[%emt 0:00:13]} Qb5 {[%emt 0:00:08]} 25. Ra2 {[%emt 0:00:03]} d3 {[%emt 0:00:07]} 26. cxd3 {[%emt 0:00:06]} cxd3 {[%emt 0:00:01]} 27. Rd1 {[%emt 0:00:06]} Qb3 {[%emt 0:00:07]} 28. Raa1 {[%emt 0:00:01]} Qxb2 {[%emt 0:00:06]} 29. Nxd3 {[%emt 0:00:03]} Qd4 {[%emt 0:00:07]} 30. e5 {[%emt 0:00:04]} Nd5 {[%emt 0:00:05]} 31. Qe4 {[%emt 0:00:07]} Qxe4 {[%emt 0:00:04]} 32. Nxe4 {[%emt 0:00:01]} Nb4 {[%emt 0:00:04]} 33. Nxb4 {[%emt 0:00:10]} Bxb4 {[%emt 0:00:01]} 34. Rdb1 {[%emt 0:00:05]} Rd4 {[%emt 0:00:03]} 35. Nd6 {[%emt 0:00:07]} Bxd6 {[%emt 0:00:09]} 36. exd6 {[%emt 0:00:01]} Rxd6 {[%emt 0:00:01]} 37. Rxb7 {[%emt 0:00:02]} Kg8 {[%emt 0:00:04]} 38. Rb6 {[%emt 0:00:05]} Ree6 {[%emt 0:00:05]} 39. Rab1 {[%emt 0:00:04]} Kh7 {[%emt 0:00:02]} 40. g3 {[%emt 0:00:02]} f6 {[%emt 0:00:03]} 41. Rxd6 {[%emt 0:00:02]} Rxd6 {[%emt 0:00:01]} 42. Rb6 {[%emt 0:00:01]} Rd1+ {[%emt 0:00:02]} 43. Kg2 {[%emt 0:00:01]} Ra1 {[%emt 0:00:01]} 44. Rxa6 {[%emt 0:00:01]} Kg6 {[%emt 0:00:00]} 45. Ra7 {[%emt 0:00:02]} Ra2 {[%emt 0:00:01]} 46. Kf3 {[%emt 0:00:02]} Ra3+ {[%emt 0:00:01]} 47. Kg2 {[%emt 0:00:02]} Ra2 {[%emt 0:00:01]} 48. h3 {[%emt 0:00:02]} Ra3 {[%emt 0:00:01]} 49. h4 {[%emt 0:00:01]} Ra2 {[%emt 0:00:02]} 50. Kf3 {[%emt 0:00:02]} Ra3+ {[%emt 0:00:01]} 51. Kg4 {[%emt 0:00:02]} Ra4+ {[%emt 0:00:00]} 52. f4 {[%emt 0:00:02]} Ra3 {[%emt 0:00:03]} 53. h5+ {[%emt 0:00:03]} Kh6 {[%emt 0:00:02]} 54. a6 {[%emt 0:00:02]} f5+ {[%emt 0:00:06]} 55. Kh4 {[%emt 0:00:06]} Ra1 {[%emt 0:00:02]} 56. Kh3 {[%emt 0:00:02]} Rh1+ {[%emt 0:00:04]} 57. Kg2 {[%emt 0:00:00]} Ra1 {[%emt 0:00:02]} 58. Ra8 {[%emt 0:00:07]} Kxh5 {[%emt 0:00:06]} 59. Rh8+ {[%emt 0:00:06]} Kg6 {[%emt 0:00:00]} 60. Ra8 {[%emt 0:00:01]} Ra2+ {[%emt 0:00:03]} 61. Kf3 {[%emt 0:00:02]} Ra4 {[%emt 0:00:00]} 62. a7 {[%emt 0:00:02]} Ra3+ {[%emt 0:00:03]} 63. Ke2 {[%emt 0:00:01]} Ra2+ {[%emt 0:00:02]} 64. Kd3 {[%emt 0:00:01]} Ra3+ {[%emt 0:00:02]} 65. Kc4 {[%emt 0:00:01]} Ra2 {[%emt 0:00:01]} 66. Kb5 {[%emt 0:00:01]} Ra1 {[%emt 0:00:00]} 67. Kb6 {[%emt 0:00:02]} Rb1+ {[%emt 0:00:02]} 68. Kc7 {[%emt 0:00:02]} Rc1+ {[%emt 0:00:01]} 69. Kd7 {[%emt 0:00:03]} Rd1+ {[%emt 0:00:01]} 70. Ke6 {[%emt 0:00:02]} Re1+ {[%emt 0:00:01]} 71. Kd7 {[%emt 0:00:01]} Rd1+ {[%emt 0:00:01]} 72. Ke7 {[%emt 0:00:01]} Re1+ {[%emt 0:00:01]} 73. Kf8 {[%emt 0:00:01]} Ra1 {[%emt 0:00:05]} 74. Kg8 {[%emt 0:00:03]} Ra3 {[%emt 0:00:04]} 75. Kf8 {[%emt 0:00:08]} Ra1 {[%emt 0:00:02]} 76. Ke7 {[%emt 0:00:01]} Re1+ {[%emt 0:00:01]} 77. Kd6 {[%emt 0:00:01]} Rd1+ {[%emt 0:00:00]} 78. Kc5 {[%emt 0:00:01]} Rc1+ {[%emt 0:00:01]} 79. Kb5 {[%emt 0:00:01]} Rb1+ {[%emt 0:00:01]} 80. Kc4 {[%emt 0:00:02]} Rc1+ {[%emt 0:00:01]} 81. Kd3 {[%emt 0:00:01]} Rd1+ {[%emt 0:00:02]} 82. Ke2 {[%emt 0:00:02]} Ra1 {[%emt 0:00:01]} 83. Kf3 {[%emt 0:00:04]} Ra3+ {[%emt 0:00:01]} 84. Kg2 {[%emt 0:00:01]} Ra2+ {[%emt 0:00:00]} 85. Kh3 {[%emt 0:00:01]} Ra3 {[%emt 0:00:01]} 86. Kh4 {[%emt 0:00:02]} Ra1 {[%emt 0:00:00]} 87. g4 {[%emt 0:00:03]} fxg4 {[%emt 0:00:06]} 88. Kxg4 {[%emt 0:00:01]} Ra4 {[%emt 0:00:02]} 89. Kf3 {[%emt 0:00:03]} Ra3+ {[%emt 0:00:00]} 90. Ke4 Ra4+ 91. Ke5 {[%emt 0:00:04]} Ra5+ {[%emt 0:00:01]} 92. Ke6 {[%emt 0:00:01]} Ra6+ {[%emt 0:00:03]} 93. Ke7 {[%emt 0:00:02]} Ra1 {[%emt 0:00:02]} 94. f5+ {[%emt 0:00:02]} Kh7 {[%emt 0:00:12]} 95. Kf7 {[%emt 0:00:07]} Ra5 {[%emt 0:00:02]} 96. f6 {[%emt 0:00:04]} gxf6 {[%emt 0:00:05]} 97. Kxf6 {[%emt 0:00:00]} Ra6+ {[%emt 0:00:01]} 98. Ke5 {[%emt 0:00:02]} Ra5+ {[%emt 0:00:01]} 99. Kd6 {[%emt 0:00:01]} Ra6+ {[%emt 0:00:01]} 100. Kc5 {[%emt 0:00:01]} Ra5+ {[%emt 0:00:01]} 101. Kb6 {[%emt 0:00:01]} Ra1 {[%emt 0:00:01]} 102. Rd8 {[%emt 0:00:01]} Rb1+ {[%emt 0:00:03]} 103. Kc5 {[%emt 0:00:01]} Rc1+ {[%emt 0:00:03]} 104. Kb4 {[%emt 0:00:01]} 1-0

[Event "RUS-ch Blitz Women 2018"]
[Site "Sochi"]
[Date "2018.10.07"]
[Round "20"]
[White "Vasilevich, Tatjana"]
[Black "Styazhkina, Anna"]
[Result "1-0"]
[WhiteElo "2360"]
[BlackElo "2128"]
[Annotator "NA"]
[PlyCount "99"]
[EventDate "2018.10.07"]
[EventType "swiss"]
[EventCountry "RUS"]
[SourceTitle "playchess.com"]
[Source "ChessBase"]
[SourceQuality "1"]
[TimeControl "180+2"]

1. d4 {[%emt 0:00:00]} d5 2. c4 c6 {[%emt 0:00:00]} 3. Nf3 {[%emt 0:00:00]} Nf6 {[%emt 0:00:02]} 4. e3 {[%emt 0:00:00]} Bf5 {[%emt 0:00:10]} 5. Nc3 {[%emt 0:00:02]} e6 {[%emt 0:00:01]} 6. Nh4 {[%emt 0:00:00]} Be4 {[%emt 0:00:01]} 7. f3 {[%emt 0:00:06]} Bg6 {[%emt 0:00:01]} 8. Nxg6 {[%emt 0:00:01]} hxg6 {[%emt 0:00:02]} 9. Qb3 {[%emt 0:00:12]} Qb6 {[%emt 0:00:16]} 10. Bd2 {[%emt 0:00:13]} Nbd7 {[%emt 0:00:03]} 11. Qxb6 {[%emt 0:00:14]} axb6 {[%emt 0:00:05]} 12. Kf2 {[%emt 0:00:09]} Bd6 {[%emt 0:00:09]} 13. g3 {[%emt 0:00:02]} g5 {[%emt 0:00:04]} 14. Bd3 {[%emt 0:00:11]} dxc4 {[%emt 0:00:45]} 15. Bxc4 {[%emt 0:00:02]} b5 {[%emt 0:00:00]} 16. Bd3 {[%emt 0:00:02]} e5 {[%emt 0:00:05]} 17. Kg2 {[%emt 0:00:31]} g4 {[%emt 0:00:51]} 18. Rhf1 {[%emt 0:00:33]} gxf3+ {[%emt 0:00:12]} 19. Rxf3 {[%emt 0:00:01]} exd4 {[%emt 0:00:01]} 20. exd4 {[%emt 0:00:01]} O-O {[%emt 0:00:14]} 21. Bg5 {[%emt 0:00:16]} b4 {[%emt 0:00:22]} 22. Ne4 {[%emt 0:00:06]} Nxe4 {[%emt 0:00:01]} 23. Bxe4 {[%emt 0:00:01]} Rfe8 {[%emt 0:00:08]} 24. Bf5 {[%emt 0:00:04]} Nb6 {[%emt 0:00:03]} 25. Rf2 {[%emt 0:00:12]} Nd5 {[%emt 0:00:03]} 26. Bd3 {[%emt 0:00:18]} f6 {[%emt 0:00:07]} 27. Bd2 {[%emt 0:00:02]} Red8 {[%emt 0:00:03]} 28. Bc4 {[%emt 0:00:01]} Bc7 {[%emt 0:00:04]} 29. Bxb4 {[%emt 0:00:03]} Bb6 {[%emt 0:00:01]} 30. Bc5 {[%emt 0:00:03]} Bxc5 {[%emt 0:00:02]} 31. dxc5 {[%emt 0:00:00]} Ra5 {[%emt 0:00:02]} 32. b4 {[%emt 0:00:03]} Ra4 {[%emt 0:00:01]} 33. a3 {[%emt 0:00:02]} Kf8 {[%emt 0:00:01]} 34. Bxd5 {[%emt 0:00:07]} Rxd5 {[%emt 0:00:01]} 35. Rf3 {[%emt 0:00:09]} Rd2+ {[%emt 0:00:01]} 36. Kh3 {[%emt 0:00:01]} Rb2 {[%emt 0:00:02]} 37. Rd3 {[%emt 0:00:02]} Rbxb4 {[%emt 0:00:03]} 38. axb4 {[%emt 0:00:03]} Rxa1 {[%emt 0:00:01]} 39. Rd8+ {[%emt 0:00:05]} Ke7 {[%emt 0:00:01]} 40. Rc8 {[%emt 0:00:06]} Ra7 {[%emt 0:00:06]} 41. Rc7+ {[%emt 0:00:01]} Kf8 {[%emt 0:00:01]} 42. Kg4 {[%emt 0:00:02]} Ra2 {[%emt 0:00:02]} 43. h4 {[%emt 0:00:03]} Ra7 {[%emt 0:00:03]} 44. Kf5 {[%emt 0:00:01]} Ra8 {[%emt 0:00:03]} 45. Kg6 {[%emt 0:00:02]} Re8 {[%emt 0:00:02]} 46. Rf7+ {[%emt 0:00:03]} Kg8 {[%emt 0:00:01]} 47. Rxg7+ {[%emt 0:00:01]} Kh8 {[%emt 0:00:01]} 48. Rh7+ {[%emt 0:00:01]} Kg8 {[%emt 0:00:00]} 49. Rxb7 {[%emt 0:00:02]} Re3 {[%emt 0:00:02]} 50. Rb8+ {[%emt 0:00:01]} 1-0

[Event "RUS-ch Blitz Women 2018"]
[Site "Sochi"]
[Date "2018.10.07"]
[Round "20"]
[White "Charochkina, Daria"]
[Black "Guseva, Marina"]
[Result "1/2-1/2"]
[WhiteElo "2344"]
[BlackElo "2292"]
[Annotator "NA"]
[PlyCount "115"]
[EventDate "2018.10.07"]
[EventType "swiss"]
[EventCountry "RUS"]
[SourceTitle "playchess.com"]
[Source "ChessBase"]
[SourceQuality "1"]
[TimeControl "180+2"]

1. d4 {[%emt 0:00:00]} d5 {[%emt 0:00:00]} 2. c4 {[%emt 0:00:00]} c6 {[%emt 0:00:00]} 3. Nc3 {[%emt 0:00:00]} Nf6 {[%emt 0:00:00]} 4. Nf3 {[%emt 0:00:01]} e6 {[%emt 0:00:01]} 5. Bg5 {[%emt 0:00:01]} Nbd7 {[%emt 0:00:01]} 6. e3 {[%emt 0:00:01]} Qa5 {[%emt 0:00:02]} 7. Nd2 {[%emt 0:00:01]} Bb4 {[%emt 0:00:01]} 8. Qc2 {[%emt 0:00:01]} O-O {[%emt 0:00:07]} 9. Be2 {[%emt 0:00:02]} c5 {[%emt 0:00:03]} 10. Bf4 {[%emt 0:00:01]} cxd4 {[%emt 0:00:06]} 11. exd4 {[%emt 0:00:01]} Re8 {[%emt 0:00:02]} 12. O-O {[%emt 0:00:11]} Bxc3 {[%emt 0:00:08]} 13. bxc3 {[%emt 0:00:02]} e5 {[%emt 0:00:03]} 14. Be3 {[%emt 0:00:01]} Qc7 {[%emt 0:00:07]} 15. c5 {[%emt 0:00:27]} b6 {[%emt 0:00:02]} 16. Nb3 {[%emt 0:00:30]} bxc5 {[%emt 0:00:06]} 17. dxc5 {[%emt 0:00:02]} a5 {[%emt 0:00:10]} 18. a4 {[%emt 0:00:04]} Ba6 {[%emt 0:00:05]} 19. Bb5 {[%emt 0:00:06]} Reb8 {[%emt 0:00:08]} 20. Qe2 {[%emt 0:00:13]} Bb7 {[%emt 0:00:04]} 21. f3 {[%emt 0:00:14]} Bc6 {[%emt 0:00:03]} 22. Rab1 {[%emt 0:00:11]} Bxb5 {[%emt 0:00:18]} 23. axb5 {[%emt 0:00:01]} a4 {[%emt 0:00:01]} 24. Nd2 {[%emt 0:00:29]} Nxc5 {[%emt 0:00:03]} 25. c4 {[%emt 0:00:05]} d4 {[%emt 0:00:07]} 26. Bg5 {[%emt 0:00:01]} Nfd7 {[%emt 0:00:02]} 27. f4 {[%emt 0:00:01]} f6 {[%emt 0:00:00]} 28. Bh4 {[%emt 0:00:11]} a3 {[%emt 0:00:13]} 29. Qg4 {[%emt 0:00:33]} e4 {[%emt 0:00:10]} 30. Nxe4 {[%emt 0:00:06]} Nxe4 {[%emt 0:00:08]} 31. Qe6+ {[%emt 0:00:00]} Kh8 {[%emt 0:00:00]} 32. Qxe4 {[%emt 0:00:01]} Qd6 {[%emt 0:00:03]} 33. Bf2 {[%emt 0:00:09]} a2 {[%emt 0:00:03]} 34. Rbd1 {[%emt 0:00:04]} Nc5 {[%emt 0:00:03]} 35. Qxd4 {[%emt 0:00:01]} Qxd4 {[%emt 0:00:03]} 36. Bxd4 {[%emt 0:00:01]} Nb3 {[%emt 0:00:02]} 37. Ba1 {[%emt 0:00:02]} Ra4 {[%emt 0:00:02]} 38. Rd3 {[%emt 0:00:11]} Nxa1 {[%emt 0:00:08]} 39. Rxa1 {[%emt 0:00:00]} Rxc4 {[%emt 0:00:01]} 40. Rxa2 {[%emt 0:00:02]} Rb4 {[%emt 0:00:01]} 41. Rad2 {[%emt 0:00:02]} h6 {[%emt 0:00:07]} 42. Rd8+ {[%emt 0:00:01]} Rxd8 {[%emt 0:00:01]} 43. Rxd8+ {[%emt 0:00:01]} Kh7 {[%emt 0:00:00]} 44. Rd5 {[%emt 0:00:07]} Rxf4 {[%emt 0:00:03]} 45. g3 {[%emt 0:00:04]} Rb4 {[%emt 0:00:01]} 46. Kg2 {[%emt 0:00:01]} Kg6 {[%emt 0:00:01]} 47. h4 {[%emt 0:00:01]} h5 {[%emt 0:00:08]} 48. Kf3 {[%emt 0:00:01]} Kh6 {[%emt 0:00:02]} 49. Ke3 {[%emt 0:00:01]} g5 {[%emt 0:00:03]} 50. hxg5+ {[%emt 0:00:02]} fxg5 {[%emt 0:00:01]} 51. Rd6+ {[%emt 0:00:01]} Kg7 {[%emt 0:00:01]} 52. b6 {[%emt 0:00:00]} h4 {[%emt 0:00:03]} 53. gxh4 {[%emt 0:00:04]} gxh4 {[%emt 0:00:01]} 54. Kf3 {[%emt 0:00:07]} Kf7 {[%emt 0:00:03]} 55. Rh6 {[%emt 0:00:01]} Ke7 {[%emt 0:00:03]} 56. b7 {[%emt 0:00:04]} Kd7 {[%emt 0:00:01]} 57. Rh7+ {[%emt 0:00:01]} Kc6 {[%emt 0:00:01]} 58. Rxh4 {[%emt 0:00:04]} 1/2-1/2

[Event "RUS-ch Blitz Women 2018"]
[Site "Sochi"]
[Date "2018.10.07"]
[Round "20"]
[White "Maletina, Tatiana"]
[Black "Dordzhieva, Dinara"]
[Result "0-1"]
[WhiteElo "2270"]
[BlackElo "2340"]
[Annotator "NA"]
[PlyCount "168"]
[EventDate "2018.10.07"]
[EventType "swiss"]
[EventCountry "RUS"]
[SourceTitle "playchess.com"]
[Source "ChessBase"]
[SourceQuality "1"]
[TimeControl "180+2"]

1. d4 {[%emt 0:00:00]} d6 {[%emt 0:00:00]} 2. c4 g6 3. e4 {[%emt 0:00:08]} Bg7 {[%emt 0:00:00]} 4. Nc3 {[%emt 0:00:01]} Nf6 {[%emt 0:00:01]} 5. f3 {[%emt 0:00:04]} c5 {[%emt 0:00:03]} 6. Be3 {[%emt 0:00:03]} Nc6 {[%emt 0:00:02]} 7. Nge2 {[%emt 0:00:04]} Qa5 {[%emt 0:00:10]} 8. d5 {[%emt 0:00:08]} Ne5 {[%emt 0:00:00]} 9. Ng3 {[%emt 0:00:01]} h5 {[%emt 0:00:02]} 10. Be2 {[%emt 0:00:02]} O-O {[%emt 0:00:03]} 11. Qd2 {[%emt 0:00:02]} e6 {[%emt 0:00:13]} 12. O-O {[%emt 0:00:03]} h4 {[%emt 0:00:01]} 13. Nh1 {[%emt 0:00:01]} exd5 {[%emt 0:00:01]} 14. cxd5 {[%emt 0:00:01]} a6 {[%emt 0:00:15]} 15. a4 {[%emt 0:00:01]} Qb4 {[%emt 0:00:02]} 16. Nf2 {[%emt 0:00:09]} Nc4 {[%emt 0:00:01]} 17. Bxc4 {[%emt 0:00:02]} Qxc4 {[%emt 0:00:01]} 18. Nd3 {[%emt 0:00:09]} Nd7 {[%emt 0:00:23]} 19. f4 {[%emt 0:00:10]} Bxc3 {[%emt 0:00:07]} 20. Qxc3 {[%emt 0:00:04]} Qxe4 {[%emt 0:00:01]} 21. Rae1 {[%emt 0:00:01]} Qxd5 {[%emt 0:00:04]} 22. f5 {[%emt 0:00:05]} Ne5 {[%emt 0:00:32]} 23. Nf4 {[%emt 0:00:06]} Qc4 {[%emt 0:00:06]} 24. Qd2 {[%emt 0:00:29]} Bxf5 {[%emt 0:00:01]} 25. Qxd6 {[%emt 0:00:01]} Rfe8 {[%emt 0:00:09]} 26. Nd5 {[%emt 0:00:05]} Re6 {[%emt 0:00:15]} 27. Qxc5 {[%emt 0:00:23]} Qxc5 {[%emt 0:00:17]} 28. Bxc5 {[%emt 0:00:01]} Rae8 {[%emt 0:00:09]} 29. Nc7 Nf3+ 30. gxf3 {[%emt 0:00:05]} Rxe1 {[%emt 0:00:01]} 31. Nxe8 {[%emt 0:00:01]} Rxe8 {[%emt 0:00:02]} 32. Bd4 {[%emt 0:00:04]} h3 {[%emt 0:00:01]} 33. Rc1 {[%emt 0:00:02]} Re2 {[%emt 0:00:02]} 34. Rd1 {[%emt 0:00:17]} Kh7 {[%emt 0:00:04]} 35. Bf6 {[%emt 0:00:01]} Rg2+ {[%emt 0:00:05]} 36. Kh1 {[%emt 0:00:04]} g5 {[%emt 0:00:01]} 37. Rd5 {[%emt 0:00:05]} Kg6 {[%emt 0:00:05]} 38. Bc3 {[%emt 0:00:02]} Be6 {[%emt 0:00:03]} 39. Rd2 {[%emt 0:00:03]} Rxd2 {[%emt 0:00:08]} 40. Bxd2 {[%emt 0:00:01]} Bd5 {[%emt 0:00:00]} 41. Kg1 {[%emt 0:00:06]} Bxf3 {[%emt 0:00:00]} 42. Kf2 {[%emt 0:00:03]} Bc6 {[%emt 0:00:02]} 43. a5 {[%emt 0:00:01]} f6 {[%emt 0:00:03]} 44. Kg3 Bd7 45. b4 {[%emt 0:00:04]} Be6 {[%emt 0:00:02]} 46. Be3 {[%emt 0:00:01]} Bd7 {[%emt 0:00:04]} 47. Bc5 {[%emt 0:00:01]} Kf7 {[%emt 0:00:04]} 48. Bd4 {[%emt 0:00:03]} Bf5 {[%emt 0:00:04]} 49. Bb6 {[%emt 0:00:03]} Ke6 {[%emt 0:00:00]} 50. Bd8 {[%emt 0:00:01]} Ke5 {[%emt 0:00:02]} 51. Bc7+ {[%emt 0:00:02]} Ke6 {[%emt 0:00:02]} 52. Bd8 {[%emt 0:00:01]} Kf7 {[%emt 0:00:06]} 53. Bb6 {[%emt 0:00:01]} Kg6 {[%emt 0:00:02]} 54. Bd8 {[%emt 0:00:02]} Bd7 {[%emt 0:00:01]} 55. Be7 {[%emt 0:00:01]} f5 {[%emt 0:00:22]} 56. Kxh3 f4+ 57. Kg2 {[%emt 0:00:04]} Kf5 {[%emt 0:00:01]} 58. h3 {[%emt 0:00:09]} Bc6+ {[%emt 0:00:01]} 59. Kf2 {[%emt 0:00:02]} Be4 {[%emt 0:00:00]} 60. Bd8 {[%emt 0:00:03]} Kg6 {[%emt 0:00:02]} 61. Be7 {[%emt 0:00:04]} Bf5 {[%emt 0:00:01]} 62. Kg2 {[%emt 0:00:02]} Kh5 {[%emt 0:00:00]} 63. Bd8 {[%emt 0:00:02]} Kh4 {[%emt 0:00:01]} 64. Bb6 {[%emt 0:00:19]} Bxh3+ {[%emt 0:00:02]} 65. Kf3 {[%emt 0:00:02]} Bf5 {[%emt 0:00:02]} 66. Kg2 {[%emt 0:00:01]} g4 {[%emt 0:00:01]} 67. Bd8+ {[%emt 0:00:03]} Kh5 {[%emt 0:00:01]} 68. Bc7 {[%emt 0:00:02]} Be4+ {[%emt 0:00:09]} 69. Kg1 {[%emt 0:00:08]} Kg5 {[%emt 0:00:01]} 70. Bd8+ {[%emt 0:00:05]} Kf5 {[%emt 0:00:00]} 71. Bc7 {[%emt 0:00:04]} g3 {[%emt 0:00:01]} 72. Kf1 {[%emt 0:00:02]} Kg4 {[%emt 0:00:00]} 73. Kg1 {[%emt 0:00:01]} f3 {[%emt 0:00:02]} 74. Bb6 {[%emt 0:00:05]} f2+ {[%emt 0:00:00]} 75. Bxf2 {[%emt 0:00:05]} gxf2+ {[%emt 0:00:01]} 76. Kxf2 {[%emt 0:00:01]} Kf4 {[%emt 0:00:01]} 77. Ke2 {[%emt 0:00:00]} Bc6 {[%emt 0:00:00]} 78. Kd3 {[%emt 0:00:01]} Ke5 {[%emt 0:00:01]} 79. Kc4 {[%emt 0:00:01]} Ke4 {[%emt 0:00:01]} 80. Kc5 {[%emt 0:00:06]} Kd3 {[%emt 0:00:05]} 81. b5 {[%emt 0:00:03]} Bxb5 {[%emt 0:00:03]} 82. Kb4 {[%emt 0:00:01]} Bc6 {[%emt 0:00:01]} 83. Kc5 {[%emt 0:00:00]} Kc3 {[%emt 0:00:01]} 84. Kb6 {[%emt 0:00:03]} Kb4 {[%emt 0:00:01]} 0-1

[Event "RUS-ch Blitz Women 2018"]
[Site "Sochi"]
[Date "2018.10.07"]
[Round "20"]
[White "Vasilevich, Irina"]
[Black "Sirotkina, Nina"]
[Result "1-0"]
[WhiteElo "2258"]
[BlackElo "2021"]
[Annotator "NA"]
[PlyCount "51"]
[EventDate "2018.10.07"]
[EventType "swiss"]
[EventCountry "RUS"]
[SourceTitle "playchess.com"]
[Source "ChessBase"]
[SourceQuality "1"]
[TimeControl "180+2"]

1. c4 {[%emt 0:00:00]} e5 {[%emt 0:00:01]} 2. Nc3 {[%emt 0:00:01]} Nf6 {[%emt 0:00:02]} 3. g3 {[%emt 0:00:01]} d5 {[%emt 0:00:01]} 4. cxd5 {[%emt 0:00:01]} Nxd5 {[%emt 0:00:02]} 5. Bg2 {[%emt 0:00:01]} Nb6 {[%emt 0:00:18]} 6. e3 {[%emt 0:00:02]} Be7 {[%emt 0:00:08]} 7. Nge2 {[%emt 0:00:02]} c6 {[%emt 0:00:03]} 8. f4 {[%emt 0:00:03]} exf4 {[%emt 0:00:07]} 9. Nxf4 {[%emt 0:00:02]} O-O {[%emt 0:00:05]} 10. O-O {[%emt 0:00:03]} N8d7 {[%emt 0:00:04]} 11. b3 {[%emt 0:00:08]} Bf6 {[%emt 0:00:11]} 12. Bb2 {[%emt 0:00:06]} g6 {[%emt 0:00:17]} 13. Qc2 {[%emt 0:00:21]} Bg7 {[%emt 0:00:03]} 14. Ne4 {[%emt 0:00:06]} Ne5 {[%emt 0:00:09]} 15. d4 {[%emt 0:00:25]} Ng4 {[%emt 0:00:03]} 16. Rae1 {[%emt 0:00:13]} Bf5 {[%emt 0:00:04]} 17. Qc1 {[%emt 0:00:05]} Qd7 {[%emt 0:00:15]} 18. Nc5 {[%emt 0:00:07]} Qc7 {[%emt 0:00:10]} 19. e4 {[%emt 0:00:10]} Bd7 {[%emt 0:00:07]} 20. h3 {[%emt 0:00:20]} Nh6 {[%emt 0:00:09]} 21. Kh2 {[%emt 0:00:21]} Nc8 {[%emt 0:00:04]} 22. d5 {[%emt 0:00:13]} cxd5 {[%emt 0:00:21]} 23. Bxg7 {[%emt 0:00:02]} Kxg7 {[%emt 0:00:01]} 24. Qb2+ {[%emt 0:00:05]} f6 {[%emt 0:00:02]} 25. Nce6+ {[%emt 0:00:06]} Bxe6 {[%emt 0:00:04]} 26. Nxe6+ {[%emt 0:00:01]} 1-0

[Event "RUS-ch Blitz Women 2018"]
[Site "Sochi"]
[Date "2018.10.07"]
[Round "20"]
[White "Nebolsina, Vera"]
[Black "Kovanova, Baira"]
[Result "0-1"]
[WhiteElo "2220"]
[BlackElo "2205"]
[Annotator "NA"]
[PlyCount "76"]
[EventDate "2018.10.07"]
[EventType "swiss"]
[EventCountry "RUS"]
[SourceTitle "playchess.com"]
[Source "ChessBase"]
[SourceQuality "1"]
[TimeControl "180+2"]

1. e4 {[%emt 0:00:00]} e5 {[%emt 0:00:00]} 2. Nf3 {[%emt 0:00:01]} Nc6 {[%emt 0:00:00]} 3. Nc3 {[%emt 0:00:01]} Nf6 {[%emt 0:00:02]} 4. d4 {[%emt 0:00:01]} exd4 {[%emt 0:00:01]} 5. Nxd4 {[%emt 0:00:01]} Bb4 {[%emt 0:00:02]} 6. Nxc6 {[%emt 0:00:01]} bxc6 {[%emt 0:00:01]} 7. Bd3 {[%emt 0:00:02]} O-O {[%emt 0:00:02]} 8. O-O {[%emt 0:00:05]} d5 {[%emt 0:00:01]} 9. exd5 {[%emt 0:00:05]} cxd5 {[%emt 0:00:02]} 10. Bg5 {[%emt 0:00:15]} c6 {[%emt 0:00:01]} 11. Ne2 {[%emt 0:00:02]} h6 {[%emt 0:00:06]} 12. Bh4 {[%emt 0:00:01]} Re8 {[%emt 0:00:02]} 13. Nd4 {[%emt 0:00:11]} Bd7 {[%emt 0:00:32]} 14. Nf5 {[%emt 0:00:38]} Bf8 {[%emt 0:00:08]} 15. Qf3 {[%emt 0:00:07]} g5 {[%emt 0:00:26]} 16. Bg3 {[%emt 0:00:14]} Ne4 {[%emt 0:00:02]} 17. Ne3 {[%emt 0:00:13]} Nd2 {[%emt 0:00:25]} 18. Qh5 {[%emt 0:00:01]} Nxf1 {[%emt 0:00:03]} 19. Rxf1 {[%emt 0:00:02]} Qf6 {[%emt 0:00:04]} 20. h4 {[%emt 0:00:10]} Rab8 {[%emt 0:00:22]} 21. hxg5 {[%emt 0:00:04]} Qxg5 {[%emt 0:00:01]} 22. Qh2 {[%emt 0:00:01]} Rxb2 {[%emt 0:00:15]} 23. Bf4 {[%emt 0:00:03]} Qf6 {[%emt 0:00:04]} 24. Qg3+ {[%emt 0:00:13]} Bg7 {[%emt 0:00:06]} 25. a4 {[%emt 0:00:06]} Rb4 {[%emt 0:00:02]} 26. Bd6 {[%emt 0:00:09]} Rxa4 {[%emt 0:00:02]} 27. Rb1 {[%emt 0:00:02]} d4 {[%emt 0:00:16]} 28. Nc4 {[%emt 0:00:06]} Qg5 {[%emt 0:00:13]} 29. Qf3 {[%emt 0:00:05]} Qg4 {[%emt 0:00:10]} 30. Rb7 {[%emt 0:00:23]} Qxf3 {[%emt 0:00:02]} 31. gxf3 {[%emt 0:00:01]} Be6 {[%emt 0:00:01]} 32. Nd2 {[%emt 0:00:04]} Bd5 {[%emt 0:00:04]} 33. Ne4 {[%emt 0:00:02]} Ra1+ {[%emt 0:00:07]} 34. Kg2 {[%emt 0:00:01]} a5 {[%emt 0:00:04]} 35. Bc5 {[%emt 0:00:04]} a4 {[%emt 0:00:06]} 36. Ra7 {[%emt 0:00:01]} Bxe4 {[%emt 0:00:03]} 37. Bxe4 {[%emt 0:00:02]} Bf8 {[%emt 0:00:03]} 38. Bxc6 {[%emt 0:00:03]} Bxc5 {[%emt 0:00:01]} 0-1